Độ nhạy nghiệm của bài toán bất đẳng thức biến phân : Luận văn thạc sĩ toán học. Chuyên ngành : Toán giải tích

Luận văn trình bày các kiến thức về sự liên tục và nửa liên tục của ánh xạ đa trị, tính đơn điệu của ánh xạ đa trị. Trình bày các kết quả nghiên cứu về tính nửa liên tục của bài toán bất đẳng thức biến phân và bài toán tựa bất đẳn...

Deskribapen osoa

Gorde:
Xehetasun bibliografikoak
Egile nagusia: Lê, Thị Huỳnh Châu
Formatua: Liburua
Hizkuntza:Undetermined
Argitaratua: Cần Thơ Trường Đại học Cần Thơ 2010
Gaiak:
Etiketak: Etiketa erantsi
Etiketarik gabe, Izan zaitez lehena erregistro honi etiketa jartzen!
Thư viện lưu trữ: Trung tâm Học liệu Trường Đại học Cần Thơ
LEADER 01327nam a2200217Ia 4500
001 CTU_157604
008 210402s9999 xx 000 0 und d
082 |a 515.36 
082 |b Ch125 
088 |a 604601 
100 |a Lê, Thị Huỳnh Châu 
245 0 |a Độ nhạy nghiệm của bài toán bất đẳng thức biến phân : 
245 0 |b Luận văn thạc sĩ toán học. Chuyên ngành : Toán giải tích 
245 0 |c Lê Thị Huỳnh Châu; Lâm Quốc Anh (Hướng dẫn khoa học) 
260 |a Cần Thơ 
260 |b Trường Đại học Cần Thơ 
260 |c 2010 
520 |a Luận văn trình bày các kiến thức về sự liên tục và nửa liên tục của ánh xạ đa trị, tính đơn điệu của ánh xạ đa trị. Trình bày các kết quả nghiên cứu về tính nửa liên tục của bài toán bất đẳng thức biến phân và bài toán tựa bất đẳng thức biến phân. 
650 |a Variational inequalities (Mathematics),Equilibrium,Nonlinear programming,Bất đẳng thức biến phân,Sự cân bằng,Lập trình phi tuyến 
904 |i Năm 
980 |a Trung tâm Học liệu Trường Đại học Cần Thơ